The Pushbutton guide to word 6 for windows / (Record no. 19724)
[ view plain ]
| 000 -LEADER | |
|---|---|
| fixed length control field | 00616nam a2200217 a 4500 |
| 005 - DATE AND TIME OF LATEST TRANSACTION | |
| control field | 20140310183154.0 |
| 008 - FIXED-LENGTH DATA ELEMENTS--GENERAL INFORMATION | |
| fixed length control field | 000518s19uu xx 00 eng d |
| 020 ## - INTERNATIONAL STANDARD BOOK NUMBER | |
| International Standard Book Number | 9812140980 |
| 050 ## - LIBRARY OF CONGRESS CALL NUMBER | |
| Classification number | Z 52.5.M523 |
| Item number | .N456 1994 |
| 100 ## - MAIN ENTRY--PERSONAL NAME | |
| Personal name | Neibauer, Alan R. |
| 245 ## - TITLE STATEMENT | |
| Title | The Pushbutton guide to word 6 for windows / |
| Statement of responsibility, etc | Alan NeiBauer. |
| 250 ## - EDITION STATEMENT | |
| Edition statement | Authorised Ed. |
| 260 ## - PUBLICATION, DISTRIBUTION, ETC. (IMPRINT) | |
| Place of publication, distribution, etc | Singapore : |
| Name of publisher, distributor, etc | Tech Publications, |
| Date of publication, distribution, etc | 1994. |
| 300 ## - PHYSICAL DESCRIPTION | |
| Extent | xxi, 246 p. : |
| Other physical details | ill. ; |
| Dimensions | 21 cm. |
| 520 ## - SUMMARY, ETC. | |
| Summary, etc | includes index. |
| 521 ## - TARGET AUDIENCE NOTE | |
| Target audience note | |
| 650 ## - SUBJECT ADDED ENTRY--TOPICAL TERM | |
| Topical term or geographic name as entry element | Word for windows |
| 650 ## - SUBJECT ADDED ENTRY--TOPICAL TERM | |
| Topical term or geographic name as entry element | Computer programs |
| 942 ## - ADDED ENTRY ELEMENTS (KOHA) | |
| Koha item type | Books |
| Source of classification or shelving scheme | Library of Congress Classification |
| Call number prefix | Foreign |
| Withdrawn status | Lost status | Source of classification or shelving scheme | Damaged status | Home library | Current library | Shelving location | Date acquired | Total Checkouts | Full call number | Barcode | Date last seen | Copy number | Price effective from | Koha item type |
|---|---|---|---|---|---|---|---|---|---|---|---|---|---|---|
| Library of Congress Classification | College Library | College Library | General Circulation Section | 04/25/2003 | Z 52.5.M523 .N456 1994 | C1083 | 05/15/2018 | 1 | 10/10/2013 | Books |